Countries in the Top 25 by Population - Sudden Death - Statistics

General Stats
  • This quiz has been taken 1,870 times
  • The average score is 8 of 15
Answers on the Grid
Answers color-coded by a green-red scale on the quiz's grid according to % correct below.
Angola
Argentina
Australia
Bolivia
Canada
Colombia
Egypt
Ethiopia
France
Germany
India
Indonesia
Iran
Italy
Morocco
Myanmar
Niger
Nigeria
Peru
Phillippines
Poland
Russia
Senegal
South Korea
Spain
Tanzania
Thailand
Turkey
Uganda
Vietnam
 
Answer Stats
Answer % Correct
Russia
73%
India
70%
Indonesia
68%
Nigeria
63%
Phillippines
62%
Egypt
58%
Ethiopia
55%
Turkey
53%
Germany
50%
Vietnam
50%
Iran
48%
Thailand
42%
France
41%
Tanzania
30%
Italy
19%
No matching quizzes found
Score Distribution
Percent of People with Each Score
Percentile by Number Answered
Your Score History
You have not taken this quiz